000 02488nam2a2200349 4500
001 RU\NLR\bibl\1681033
005 20260405144328.0
010 _a978-5-9948-0248-9
_9250
021 _aRU
_b2010-64592
_94239
035 _a(NLR Aleph) 001672233
090 _a1048764
_c1048764
100 _a20101001d2009 |||y0rusy50 ca
101 0 _arus
102 _aRU
105 _aa |||||||||
200 1 _aВиброзащитные свойства подвесок с гидравлическими, пневматическими и инерционными амортизаторами
_fВ.В. Новиков, И.М. Рябов, К.В. Чернышев, В.И. Колмаков
210 _d2009
_aБ. м.
215 _a112 с.
_cил.
320 _aБиблиогр.: с. 111-112 (21 назв.)
461 0 _1001RU\NLR\bibl\1691072
_12001#$aДинамика движения$vЧ. 3
_91108238
_aНовиков, В. В. (д-р техн. наук, транспортные системы)
_cВолгоград
_d2008
_fВ.В. Новиков
_nВолгГТУ
_oучебное пособие : для студентов высших учебных заведений, обучающихся по специальностям 170102 "Стрелково-пушечное, артиллерийское и ракетное оружие" и 190202 "Многоцелевые гусеничные и колесные машины" : в 3 ч.
_tДинамика движения
_vЧ. 3
606 1 _aТранспортные машины
_jУчебные издания для высших учебных заведений
_xПодвески
_xХарактеристики
_91807943
_3RU\NLR\auth\661108618
686 _aО12-046.4-01я73-1
701 1 _4070
_8rus
_7ca
_aНовиков
_bВ. В.
_cд-р техн. наук, транспортные системы
_gВячеслав Владимирович
_3RU\NLR\auth\7747460
_930395
701 1 _4070
_aРябов
_bИ. М.
_cд-р техн. наук, транспортные системы
_f1948-
_gИгорь Михайлович
_9144400
_3RU\NLR\AUTH\770144436
701 1 _4070
_8rus
_7ca
_aЧернышов
_bК. В.
_cканд. техн. наук
_gКонстантин Владимирович
_3RU\NLR\auth\7759959
_942890
701 1 _aКолмаков
_bВ. И.
_gВасилий Иосифович
_4070
801 0 _aRU
_bNLR
_c20101001
_gRCR
801 1 _aRU
_bNLR
_c20101001
830 _aавт. по кн.
942 _cBOOK
980 _aNB